Sports Quiz

Random Sports or Baseball Quiz

Red Sox or Yankees? Quiz Stats

Quiz Updated Aug 20, 2012

Challenge
Share
Tweet
Enter 'R' for RED SOX, 'Y' for YANKEES, 'B' for BOTH or 'N' for NEITHER.
Score 0/32 Timer 04:00
12 Plays Today
Player Team (R, Y, B, or N) % Correct
Derek Jeter???
96.8%
CC Sabathia???
95.6%
Johnny Damon???
91.8%
Andy Pettitte???
89.3%
Jorge Posada???
88.2%
Nomar Garciaparra???
87.2%
Joe DiMaggio???
86.5%
Ken Griffey, Jr.???
86.2%
David Ortiz???
85.5%
Lou Gehrig???
85.5%
Ted Williams???
85.4%
Chipper Jones???
84.1%
Bernie Williams???
83.8%
Pedro Martinez???
82.6%
Carl Yastrzemski???
80.8%
Roger Clemens???
78.6%
Player Team (R, Y, B, or N) % Correct
Hank Aaron???
78.3%
Babe Ruth???
78.2%
Carlton Fisk???
76.4%
Torii Hunter???
74.8%
Mo Vaughn???
67.5%
Wade Boggs???
65.6%
Cecil Fielder???
57.9%
Doug Mientkiewicz???
40.1%
Alan Embree???
35.2%
Rickey Henderson???
32.8%
David Cone???
31.1%
Butch Hobson???
29.6%
Jose Canseco???
28.6%
Mike Lowell???
28.2%
Darren Bragg???
27.4%
Jim Leyritz???
20.1%

You're not logged in!

Compare scores with friends on all Sporcle quizzes.
Join for Free
OR
Log In

You Might Also Like...

Show Comments

Extras

Top Quizzes Today


Score Distribution

Your Account Isn't Verified!

In order to create a playlist on Sporcle, you need to verify the email address you used during registration. Go to your Sporcle Settings to finish the process.

Report this User

Report this user for behavior that violates our Community Guidelines.

Details: